The Andy Griffith Show (Easy) - Statistics

General Stats
  • This quiz has been taken 61 times
    60 since last reset
  • The average score is 11 of 16
Answer Stats
Hint Character % Correct
Mayberry’s easygoing sheriff Andy Taylor
100%
Smug best friend and deputy of #1 Barney Fife
100%
Redhead son of #1 Opie Taylor
100%
Goofy gas station attendant Gomer Pyle
94%
Goofy mechanic, cousin of #5 Goober Pyle
90%
Caring aunt of #1 Bee Taylor
80%
Crazy mountain man throws rocks through windows Earnest T. Bass
80%
School teacher and girlfriend of #1 (later seasons) Hellen Crump
76%
Town drunk and buddy of #1 and #2 Otis Campbell
72%
Kind girlfriend of #2 (no last name) Thelma-Lou
72%
Druggist and girlfriend of #1 Ellie Walker
54%
Scatterbrained barber Floyd Lawson
52%
Best friend of #4 Clara Edwards
44%
Grumpy mayor Stoner
44%
County Clerk, friend of #1 (later seasons) Howard Sprague
42%
Runs the fix it shop (later seasons) Emmet Clark
16%
No matching quizzes found
Score Distribution
Percent of People with Each Score
Percentile by Number Answered
Your Score History
You have not taken this quiz since the last reset